000 01269nam a22003497a 4500
003 CHAP
005 20220329143538.0
008 100503s2009 mx a r 00010 spa d
010 _a98327
011 _a99299
035 _a109985
040 _cCHAP
090 _aFolleto 17641
100 1 _aVelásquez Valle,Rodolfo.
_9118496
245 1 0 _aRecomendaciones para el manejo de agalla de la corona y enfermedades virales de la vid en Zacatecas
_c/por Rodolfo Velásquez Valle, Mario Domingo Amador Ramírez y Manuel Reveles Hernández
260 _aCalera, Zac.:
_bINIFAP. Campo Experimental Zacatecas,
_c2009
300 _a27 p. :
_bilus.
590 _aBATCH-UPD
_b10
_c20130110
_lUCH01
_h1030
590 _aBATCH-UPD
_b10
_c20130410
_lUCH01
_h0633
590 _aBATCH-UPD
_b10
_c20130914
_lUCH01
_h0316
590 _aCONVERSION
_b10
_c20130109
_lUCH01
_h1354
650 1 4 _aAgalla de la corona.
_91054
650 1 4 _aVid
_xEnfermedades por virus.
_9119110
650 1 4 _aVid
_xEnfermedades.
_9119108
650 1 4 _aVid
_xZacatecas.
_9119144
700 0 _aAmador Ramirez, Mario Domingo.
_95082
700 1 _aReveles Hernández, Manuel.
_996691
901 _aBK
911 _aen proceso
942 _cFOLL
949 _aFolleto 17641
_bBC
_cFOLL
_d33724002167827
_eTS1
_i109985
_sb
999 _c98327
_d98327